[Event "Madrid San Viator op-A 31st"]
[Site "Madrid"]
[Date "2019.10.06"]
[Round "4"]
[White "Alonso Aranzabal, Inigo"]
[Black "Unciti Juan, Javier"]
[Result "0-1"]
[WhiteElo "1873"]
[BlackElo "1987"]
[PlyCount "70"]
[EventDate "2019.09.08"]
[EventType "swiss"]
[EventRounds "9"]
[EventCountry "ESP"]
[SourceTitle "EXT 2022"]
[Source "ChessBase"]
[SourceDate "2021.10.06"]
[SourceVersion "1"]
[SourceVersionDate "2021.10.06"]
[SourceQuality "1"]

1. e4 e6 2. d4 d5 3. Nd2 c5 4. exd5 exd5 5. Ngf3 Nc6 6. Bb5 Bd6 7. 0-0 Nge7 8. dxc5 Bxc5 9. Nb3 Bd6 10. h3 0-0 11. Bd3 f6 12. c3 Ne5 13. Bc2 Be6 14. Nfd4 Bf7 15. f4 N5c6 16. Kh1 Qd7 17. Be3 Rfe8 18. Qd2 a6 19. a4 Rad8 20. Qf2 Bg6 21. f5 Bf7 22. Ne2 Ne5 23. Nbd4 Nc4 24. Bc1 Nc6 25. b3 Nxd4 26. cxd4 Na5 27. Bf4 Rc8 28. Rac1 Ba3 29. Bd2 Bxc1 30. Rxc1 Qe7 31. Nf4 Nxb3 32. Re1 Rxc2 33. Rxe7 Rxe7 34. Qf3 Nxd2 35. Qd3 Re1+ 0-1

[Event "Madrid San Viator op-A 29th"]
[Site "Madrid"]
[Date "2017.11.05"]
[Round "8"]
[White "Fernandez Estremera, Fernando"]
[Black "Alonso Aranzabal, Inigo"]
[Result "1-0"]
[WhiteElo "1721"]
[BlackElo "1880"]
[PlyCount "105"]
[EventDate "2017.09.17"]
[EventType "swiss"]
[EventRounds "9"]
[EventCountry "ESP"]
[SourceTitle "EXT 2019"]
[Source "ChessBase"]
[SourceDate "2018.10.10"]
[SourceVersion "1"]
[SourceVersionDate "2018.10.10"]
[SourceQuality "1"]

1. d4 Nf6 2. c4 g6 3. Nc3 Bg7 4. e4 d6 5. Nf3 0-0 6. Be2 e5 7. dxe5 dxe5 8. Qxd8 Rxd8 9. Bg5 Re8 10. Nd5 Nxd5 11. cxd5 c6 12. Bc4 cxd5 13. Bxd5 Nd7 14. 0-0-0 Nf6 15. Bxf6 Bxf6 16. Kb1 Rb8 17. Nd2 Be7 18. Nc4 Bc5 19. f3 Kg7 20. a3 f6 21. b4 Be7 22. Rc1 b6 23. Rhd1 Rd8 24. Ne3 Bd6 25. Rc3 a5 26. bxa5 bxa5+ 27. Ka2 Ba6 28. Bc4 Bc8 29. Rcd3 Rb6 30. a4 Kf8 31. Nd5 Rc6 32. Bb5 Rc2+ 33. Kb1 Rxg2 34. Nb6 Ke7 35. Rxd6 Rf8 36. Nxc8+ Rxc8 37. Rd7+ Kf8 38. Rxh7 Kg8 39. Rb7 Rxh2 40. Rdd7 g5 41. Rbc7 Rxc7 42. Rxc7 Rf2 43. Rc3 Kg7 44. Bd7 Rd2 45. Bg4 Rd4 46. Ra3 Kf7 47. Ra2 Ke7 48. Kb2 Kd6 49. Kb3 Rb4+ 50. Ka3 Kc5 51. Rc2+ Kd4 52. Rc6 Kd3 53. Rc5 1-0

[Event "Madrid San Viator op-A 29th"]
[Site "Madrid"]
[Date "2017.10.22"]
[Round "5"]
[White "Arauz Alonso, Fernando"]
[Black "Alonso Aranzabal, Inigo"]
[Result "1/2-1/2"]
[WhiteElo "2140"]
[BlackElo "1880"]
[PlyCount "76"]
[EventDate "2017.09.17"]
[EventType "swiss"]
[EventRounds "9"]
[EventCountry "ESP"]
[SourceTitle "EXT 2019"]
[Source "ChessBase"]
[SourceDate "2018.10.10"]
[SourceVersion "1"]
[SourceVersionDate "2018.10.10"]
[SourceQuality "1"]

1. c4 Nf6 2. Nc3 g6 3. e4 d6 4. d4 Bg7 5. Nf3 0-0 6. Be2 e5 7. dxe5 dxe5 8. Qxd8 Rxd8 9. Bg5 c6 10. Nxe5 Re8 11. 0-0-0 Nxe4 12. Nxe4 Bxe5 13. Rhe1 Na6 14. Nd6 Bxd6 15. Rxd6 Bf5 16. Kd2 Nc5 17. f3 Re6 18. Rxe6 Bxe6 19. Be7 Nd7 20. b3 Re8 21. Bh4 f6 22. Bf2 c5 23. f4 Kf7 24. Bf3 b6 25. Kc3 Rd8 26. Rd1 Ke7 27. Bh4 h6 28. Bc6 g5 29. Bg3 f5 30. fxg5 hxg5 31. Bd6+ Kf6 32. Bc7 Rc8 33. Bxd7 Rxc7 34. Bxe6 Kxe6 35. Re1+ Kf6 36. Re8 Rh7 37. h3 Rd7 38. a3 Rd1 1/2-1/2

[Event "Madrid Chamartin op 3rd"]
[Site "Madrid"]
[Date "2014.09.12"]
[Round "8"]
[White "Alonso Aranzabal, Inigo"]
[Black "Camarero Izquierdo, Juan Carlos"]
[Result "1-0"]
[WhiteElo "1960"]
[BlackElo "1836"]
[PlyCount "93"]
[EventDate "2014.09.07"]
[EventType "swiss"]
[EventRounds "9"]
[EventCountry "ESP"]
[SourceTitle "CBM 162 Extra"]
[Source "ChessBase"]
[SourceDate "2014.10.17"]
[SourceVersion "1"]
[SourceVersionDate "2014.10.17"]
[SourceQuality "1"]

1. e4 c5 2. c3 Nf6 3. e5 Nd5 4. d4 e6 5. Nf3 cxd4 6. cxd4 d6 7. Bc4 Ne7 8. Qe2 Nbc6 9. 0-0 a6 10. Nc3 b5 11. Bd3 Ng6 12. Bg5 Qb6 13. Bxg6 hxg6 14. exd6 Bxd6 15. Rfd1 Qc7 16. h3 f6 17. d5 fxg5 18. dxc6 g4 19. Nd5 Qxc6 20. Rac1 gxf3 21. Qe4 Qb7 22. Qxg6+ Qf7 23. Qxf7+ Kxf7 24. Nb6 Bf4 25. Nxa8 Bxc1 26. Rxc1 e5 27. Rc7+ Kf6 28. Nb6 Be6 29. Rc6 Kf5 30. g4+ Kf6 31. Nd7+ Ke7 32. Nxe5 Rxh3 33. Ng6+ Kf7 34. Rxe6 Kxe6 35. Nf4+ Ke5 36. Nxh3 Kd4 37. Nf4 a5 38. Ne6+ Kd3 39. Nxg7 Kc2 40. Nf5 Kxb2 41. g5 Kxa2 42. g6 b4 43. Nd4 a4 44. g7 b3 45. g8Q Kb2 46. Qc4 Ka3 47. Qb5 1-0

[Event "Madrid Chamartin op 1st"]
[Site "Madrid"]
[Date "2012.09.14"]
[Round "8"]
[White "Alonso Aranzabal, Inigo"]
[Black "Gonzalez Mateos, Rafael"]
[Result "1/2-1/2"]
[WhiteElo "1976"]
[BlackElo "2161"]
[PlyCount "83"]
[EventDate "2012.09.09"]
[EventType "swiss"]
[EventRounds "9"]
[EventCountry "ESP"]
[SourceTitle "CBM 150 Extra"]
[Source "ChessBase"]
[SourceDate "2012.10.19"]
[SourceVersion "1"]
[SourceVersionDate "2012.10.19"]
[SourceQuality "1"]

1. e4 e6 2. d4 d5 3. e5 c5 4. c3 Qb6 5. Nf3 Nc6 6. a3 c4 7. Nbd2 f6 8. b3 cxb3 9. Nxb3 fxe5 10. Nxe5 Nxe5 11. dxe5 Bd7 12. Bd3 Qc7 13. 0-0 g6 14. Be3 Ne7 15. Nc5 Bc8 16. c4 d4 17. Bxd4 Nc6 18. Nb3 Bg7 19. f4 Nxd4 20. Nxd4 0-0 21. Nb5 Qc5+ 22. Kh1 Bd7 23. Nd6 Qd4 24. Be4 Qxd1 25. Raxd1 Bc6 26. Bxc6 bxc6 27. g3 g5 28. c5 gxf4 29. gxf4 Rad8 30. Rd4 Bxe5 31. Ra4 Bxd6 32. cxd6 Rd7 33. Kg2 Rxd6 34. Rxa7 Rf7 35. Rxf7 Kxf7 36. Rf3 Kf6 37. Rc3 Rd2+ 38. Kg3 Rb2 39. h3 c5 40. Kg4 Rg2+ 41. Kf3 Ra2 42. Kg4 1/2-1/2

[Event "Madrid Chamartin op 1st"]
[Site "Madrid"]
[Date "2012.09.12"]
[Round "5"]
[White "Alonso Aranzabal, Inigo"]
[Black "Serrano Salvador, Eduardo"]
[Result "0-1"]
[WhiteElo "1976"]
[BlackElo "2319"]
[PlyCount "70"]
[EventDate "2012.09.09"]
[EventType "swiss"]
[EventRounds "9"]
[EventCountry "ESP"]
[SourceTitle "CBM 150 Extra"]
[Source "ChessBase"]
[SourceDate "2012.10.19"]
[SourceVersion "1"]
[SourceVersionDate "2012.10.19"]
[SourceQuality "1"]

1. e4 d6 2. d4 Nf6 3. Nc3 e5 4. Nf3 Nbd7 5. Bc4 Be7 6. h3 0-0 7. 0-0 Nb6 8. Bd3 exd4 9. Nxd4 c5 10. Nf3 h6 11. Re1 Be6 12. a4 Nc4 13. Bf1 Nb6 14. a5 Nbd7 15. Bf4 Nb8 16. Nb5 Ne8 17. c4 a6 18. Nc3 Nc6 19. Nd5 Bf6 20. Qd2 Bxd5 21. exd5 Nd4 22. Nxd4 Bxd4 23. Ra3 g5 24. Bg3 b6 25. h4 bxa5 26. hxg5 hxg5 27. Bd3 Kg7 28. Bb1 Rb8 29. Qd3 Rh8 30. Rb3 Rb4 31. Rxb4 axb4 32. b3 Qf6 33. Re4 Qh6 34. Kf1 Bc3 35. f3 Nf6 0-1

[Event "Madrid Chamartin op 1st"]
[Site "Madrid"]
[Date "2012.09.11"]
[Round "4"]
[White "Iturbide Arnedo, Oscar"]
[Black "Alonso Aranzabal, Inigo"]
[Result "1/2-1/2"]
[WhiteElo "2134"]
[BlackElo "1976"]
[PlyCount "60"]
[EventDate "2012.09.09"]
[EventType "swiss"]
[EventRounds "9"]
[EventCountry "ESP"]
[SourceTitle "CBM 150 Extra"]
[Source "ChessBase"]
[SourceDate "2012.10.19"]
[SourceVersion "1"]
[SourceVersionDate "2012.10.19"]
[SourceQuality "1"]

1. d4 Nf6 2. Bg5 g6 3. Bxf6 exf6 4. e3 Bg7 5. g3 0-0 6. Ne2 d5 7. Bg2 c6 8. 0-0 f5 9. b3 Be6 10. Qd3 Nd7 11. Nd2 Nf6 12. c4 Qe7 13. c5 Bd7 14. b4 h5 15. a4 h4 16. Nb1 Bh6 17. Nbc3 hxg3 18. hxg3 Rae8 19. b5 Kg7 20. Bh3 Rh8 21. Kg2 Ng4 22. Nf4 Bxf4 23. exf4 Qf6 24. Rh1 Rh7 25. f3 Ne3+ 26. Kf2 Nc4 27. Rae1 Rhh8 28. Rxe8 Rxe8 29. Re1 Rxe1 30. Kxe1 Qe7+ 1/2-1/2

[Event "Madrid Oliver Gonzalez Memorial-B 3rd"]
[Site "Madrid"]
[Date "2012.09.09"]
[Round "9"]
[White "Alonso Aranzabal, Inigo"]
[Black "Leniz Martinez, Francisco"]
[Result "1-0"]
[WhiteElo "1976"]
[BlackElo "1834"]
[PlyCount "41"]
[EventDate "2012.09.01"]
[EventType "swiss"]
[EventRounds "9"]
[EventCountry "ESP"]
[SourceTitle "CBM 150 Extra"]
[Source "ChessBase"]
[SourceDate "2012.10.19"]
[SourceVersion "1"]
[SourceVersionDate "2012.10.19"]
[SourceQuality "1"]

1. e4 c5 2. c3 d5 3. exd5 Qxd5 4. d4 Nf6 5. Nf3 Bg4 6. dxc5 Qxd1+ 7. Kxd1 e5 8. b4 e4 9. h3 Bh5 10. g4 Nxg4 11. hxg4 Bxg4 12. Nbd2 Nc6 13. Kc2 exf3 14. Bd3 f5 15. Re1+ Kd7 16. Nc4 Re8 17. Be3 Ne5 18. Nxe5+ Rxe5 19. Rad1 Kc8 20. Bb5 Be7 21. Bd7+ 1-0

[Event "Madrid Oliver Gonzalez Memorial-B 3rd"]
[Site "Madrid"]
[Date "2012.09.05"]
[Round "5"]
[White "Lacaci Otero, Ivan"]
[Black "Alonso Aranzabal, Inigo"]
[Result "0-1"]
[WhiteElo "1686"]
[BlackElo "1976"]
[PlyCount "68"]
[EventDate "2012.09.01"]
[EventType "swiss"]
[EventRounds "9"]
[EventCountry "ESP"]
[SourceTitle "CBM 150 Extra"]
[Source "ChessBase"]
[SourceDate "2012.10.19"]
[SourceVersion "1"]
[SourceVersionDate "2012.10.19"]
[SourceQuality "1"]

1. e4 e5 2. Nf3 Nc6 3. Bc4 Nf6 4. d3 Bc5 5. c3 d6 6. 0-0 h6 7. h3 0-0 8. Re1 Re8 9. b4 Bb6 10. a4 a5 11. b5 Ne7 12. Nbd2 Ng6 13. Nf1 c6 14. Bb3 Be6 15. Bc2 Qc7 16. Bb2 cxb5 17. axb5 Qc5 18. Ne3 Rec8 19. c4 Qc7 20. Qd2 Nh5 21. Bc3 Qd8 22. Kh2 Bc7 23. g4 Nhf4 24. Ng2 b6 25. d4 Nxg2 26. Kxg2 Bxc4 27. Ba4 Qd7 28. dxe5 Bxb5 29. Bxb5 Qxb5 30. exd6 Bxd6 31. Qd4 Bf8 32. Reb1 Qc6 33. Rc1 Nf4+ 34. Kf1 Qb5+ 0-1

[Event "Madrid Oliver Gonzalez Memorial-B 3rd"]
[Site "Madrid"]
[Date "2012.09.03"]
[Round "3"]
[White "Alonso Aranzabal, Inigo"]
[Black "Camarero Izquierdo, Juan Carlos"]
[Result "0-1"]
[WhiteElo "1976"]
[BlackElo "1899"]
[PlyCount "64"]
[EventDate "2012.09.01"]
[EventType "swiss"]
[EventRounds "9"]
[EventCountry "ESP"]
[SourceTitle "CBM 150 Extra"]
[Source "ChessBase"]
[SourceDate "2012.10.19"]
[SourceVersion "1"]
[SourceVersionDate "2012.10.19"]
[SourceQuality "1"]

1. e4 c6 2. d4 d5 3. exd5 cxd5 4. c4 e6 5. Nf3 Nf6 6. Nc3 Nc6 7. Bd3 Be7 8. 0-0 0-0 9. a3 a6 10. c5 Qc7 11. Re1 Nh5 12. Ng5 Nf6 13. Bb1 h6 14. Nf3 Ne8 15. Na4 f5 16. Nb6 Rb8 17. b4 Nf6 18. g3 g5 19. h4 Ne4 20. hxg5 hxg5 21. Bxe4 fxe4 22. Nxg5 Bxg5 23. Bxg5 Qg7 24. Be3 Rf3 25. Kg2 Ne7 26. Qd2 Nf5 27. Bf4 Nh4+ 28. Kf1 e5 29. Bh6 Bh3+ 30. Kg1 Rxg3+ 31. fxg3 Qxg3+ 32. Kh1 Bg2+ 0-1

[Event "San Sebastian op 34th"]
[Site "San Sebastian"]
[Date "2011.04.23"]
[Round "9"]
[White "Alonso Aranzabal, Inigo"]
[Black "Orti Boix, Miguel"]
[Result "1-0"]
[WhiteElo "2052"]
[BlackElo "1895"]
[PlyCount "173"]
[EventDate "2011.04.16"]
[EventType "swiss"]
[EventRounds "9"]
[EventCountry "ESP"]
[SourceTitle "CBM 141 Extra"]
[Source "ChessBase"]
[SourceDate "2011.05.03"]
[SourceVersion "1"]
[SourceVersionDate "2011.05.03"]
[SourceQuality "1"]

1. e4 c5 2. c3 d5 3. exd5 Qxd5 4. d4 Nf6 5. Nf3 Bg4 6. dxc5 Qxd1+ 7. Kxd1 Nc6 8. Nbd2 0-0-0 9. h3 Bh5 10. g4 Bg6 11. Ke1 e5 12. b4 h6 13. Nh4 Bc2 14. Nf5 Nd5 15. Ne3 Nxe3 16. fxe3 Be7 17. Bc4 Rhf8 18. Rf1 Bf6 19. Bb2 e4 20. Rc1 Bd3 21. Bxd3 Rxd3 22. Ke2 Bg5 23. Nc4 f6 24. Rcd1 Rfd8 25. Nd6+ Kc7 26. Rxd3 exd3+ 27. Kxd3 Ne5+ 28. Ke2 b6 29. c4 Nc6 30. Nf7 Re8 31. cxb6+ axb6 32. Nxg5 hxg5 33. a3 Rh8 34. Rh1 Kd6 35. Kd3 Ne7 36. Bd4 Kc7 37. Kc2 Kb7 38. Kb3 Nc6 39. c5 bxc5 40. Bxc5 Ne5 41. a4 Nxg4 42. Rd1 Ne5 43. b5 Rxh3 44. a5 Rh8 45. a6+ Ka8 46. b6 Nc6 47. Ka4 Ne5 48. Kb5 Re8 49. Rd5 g4 50. b7+ Kb8 51. Bd6+ Ka7 52. Bc5+ Kb8 53. Be7 g3 54. Rd8+ Rxd8 55. Bxd8 g2 56. Be7 Nd7 57. Kc6 g1Q 58. Bd6+ Ka7 59. Kxd7 Qg4+ 60. Kd8 Kxa6 61. b8Q Qh5 62. Qc8+ Kb5 63. Qb7+ Kc4 64. Qb4+ Kd3 65. Qd4+ Ke2 66. e4 Qa5+ 67. Ke7 Qg5 68. Kf7 Qg4 69. Bc5 Qg3 70. Bd6 Qg4 71. Bb4 Qg5 72. Ke6 Qg4+ 73. Kd5 Qd7+ 74. Kc4 Qc6+ 75. Bc5 Qa4+ 76. Kc3 Qa1+ 77. Kc4 Qa4+ 78. Bb4 Qc6+ 79. Kb3 Qe6+ 80. Qc4+ Qxc4+ 81. Kxc4 g5 82. Be7 Ke3 83. Kd5 g4 84. Bxf6 g3 85. Bd4+ Kf4 86. e5 Kf5 87. e6 1-0

[Event "Madrid-ch sf-B"]
[Site "Madrid"]
[Date "2011.01.29"]
[Round "7"]
[White "Alonso Aranzabal, Inigo"]
[Black "Martin Duque, Jesus"]
[Result "0-1"]
[WhiteElo "2052"]
[BlackElo "2109"]
[PlyCount "56"]
[EventDate "2011.01.14"]
[EventType "swiss"]
[EventRounds "9"]
[EventCountry "ESP"]
[SourceTitle "CBM 140 Extra"]
[Source "ChessBase"]
[SourceDate "2011.03.01"]
[SourceVersion "1"]
[SourceVersionDate "2011.03.01"]
[SourceQuality "1"]

1. e4 e6 2. d4 d5 3. e5 c5 4. c3 Qb6 5. Nf3 Nc6 6. a3 c4 7. Nbd2 Na5 8. g3 Bd7 9. Bh3 Be7 10. 0-0 h5 11. Ne1 g5 12. f4 g4 13. Bg2 Nh6 14. b3 cxb3 15. Rb1 Nf5 16. Rf2 h4 17. Qxg4 0-0-0 18. Qf3 h3 19. Bf1 Rdg8 20. Kh1 Kb8 21. Nxb3 Nxb3 22. Rfb2 Ba4 23. c4 Nfxd4 24. Qf2 dxc4 25. Bxc4 Qc6+ 26. Kg1 Qxc4 27. Be3 Bc5 28. Rxb3 Nxb3 0-1

[Event "Madrid Villaverde op 10th"]
[Site "Madrid"]
[Date "2009.03.30"]
[Round "5"]
[White "Alonso Aranzabal, Inigo"]
[Black "Sierra Soria, Maria"]
[Result "1-0"]
[WhiteElo "2082"]
[BlackElo "1758"]
[PlyCount "73"]
[EventDate "2009.03.23"]
[EventType "swiss"]
[EventRounds "8"]
[EventCountry "ESP"]
[SourceTitle "CBM 129 Extra"]
[Source "ChessBase"]
[SourceDate "2009.05.05"]
[SourceVersion "2"]
[SourceVersionDate "2009.05.20"]
[SourceQuality "1"]

1. e4 e5 2. Nf3 Nf6 3. Nxe5 d6 4. Nf3 Nxe4 5. Nc3 Nxc3 6. dxc3 Be7 7. Bf4 0-0 8. Qd2 Re8 9. 0-0-0 Nd7 10. h4 Nc5 11. Bc4 Bf6 12. Ng5 Be6 13. Nxe6 Nxe6 14. Bxe6 Rxe6 15. g4 Qd7 16. g5 Be5 17. Be3 Rae8 18. h5 Qa4 19. Kb1 g6 20. Qd3 Bf4 21. Rh4 Re4 22. b3 Qc6 23. Rxf4 Rxf4 24. Bxf4 Qg2 25. hxg6 fxg6 26. Be3 a6 27. Qc4+ d5 28. Qxc7 Qf3 29. Kc1 Qf7 30. Qxf7+ Kxf7 31. Rxd5 Ke6 32. c4 Rc8 33. Kd2 b5 34. Rc5 Rxc5 35. Bxc5 bxc4 36. bxc4 Kd7 37. Kd3 1-0

[Event "Madrid CDV op 2nd"]
[Site "Madrid"]
[Date "2009.02.14"]
[Round "2"]
[White "Alonso Aranzabal, Inigo"]
[Black "Guisado Gomez, Francisco"]
[Result "0-1"]
[WhiteElo "2082"]
[BlackElo "1762"]
[PlyCount "43"]
[EventDate "2009.02.13"]
[EventType "swiss"]
[EventRounds "7"]
[EventCountry "ESP"]
[SourceTitle "CBM 129 Extra"]
[Source "ChessBase"]
[SourceDate "2009.05.05"]
[SourceVersion "2"]
[SourceVersionDate "2009.05.20"]
[SourceQuality "1"]

1. e4 c5 2. c3 e6 3. d4 d5 4. e5 cxd4 5. cxd4 Nc6 6. Nf3 Bb4+ 7. Bd2 Qb6 8. a3 Be7 9. Bc3 Nh6 10. Bd3 0-0 11. h4 f6 12. Qe2 fxe5 13. Nxe5 Nxd4 14. Bxd4 Qxd4 15. Nc3 Bf6 16. Nf3 Qf4 17. g3 Bxc3+ 18. bxc3 Qxf3 19. Qxf3 Rxf3 20. Ke2 Rf8 21. Rab1 b6 22. c4 0-1

[Event "Madrid-ch sf-B"]
[Site "Madrid"]
[Date "2009.01.24"]
[Round "5"]
[White "Alonso Aranzabal, Inigo"]
[Black "Lozano Sanchez, Jose Antonio"]
[Result "1-0"]
[WhiteElo "2082"]
[BlackElo "1958"]
[PlyCount "47"]
[EventDate "2009.01.15"]
[EventType "swiss"]
[EventRounds "9"]
[EventCountry "ESP"]
[SourceTitle "CBM 128 Extra"]
[Source "ChessBase"]
[SourceDate "2009.03.05"]
[SourceVersion "2"]
[SourceVersionDate "2009.03.25"]
[SourceQuality "1"]

1. e4 e5 2. Nf3 Nc6 3. d4 exd4 4. Nxd4 Bc5 5. Nxc6 Qf6 6. Qd2 Qxc6 7. Nc3 Bb4 8. Bd3 Bxc3 9. bxc3 d6 10. Rb1 Bd7 11. 0-0 a6 12. Qg5 g6 13. e5 h6 14. Qh4 dxe5 15. Re1 Ne7 16. Rxe5 Be6 17. Ba3 Nc8 18. Bxg6 Rg8 19. Rbe1 Nd6 20. Rxe6+ Kd7 21. Re7+ Kc8 22. Bxd6 cxd6 23. Bf5+ Kb8 24. Be4 1-0

[Event "Madrid2"]
[Site "Madrid"]
[Date "2006.04.01"]
[Round "8"]
[White "Alonso Aranzabal, Inigo"]
[Black "Gonzalez Gonzalez, Fidel"]
[Result "1/2-1/2"]
[WhiteElo "2166"]
[BlackElo "1971"]
[PlyCount "77"]
[EventDate "2006.02.11"]
[EventType "tourn"]
[EventRounds "9"]
[EventCountry "ESP"]
[SourceTitle "EXT 2007"]
[Source "ChessBase"]
[SourceDate "2006.11.23"]
[SourceVersion "1"]
[SourceVersionDate "2006.11.23"]
[SourceQuality "1"]

1. e4 e6 2. d4 d5 3. e5 c5 4. c3 Nc6 5. Nf3 Qb6 6. a3 Bd7 7. b4 cxd4 8. cxd4 Rc8 9. Be3 Be7 10. Nbd2 a6 11. Nb3 Na7 12. Bd3 Ba4 13. Bc2 Bxb3 14. Bxb3 Qc7 15. 0-0 Bd8 16. Rc1 Qb8 17. Qd3 Ne7 18. a4 0-0 19. Bc2 g6 20. Bh6 Re8 21. g4 Nec6 22. Qb3 Be7 23. b5 Na5 24. Qd3 axb5 25. axb5 Nc4 26. Ng5 Bf8 27. Bxf8 Kxf8 28. Nxh7+ Ke7 29. Nf6 Rh8 30. f4 Rh4 31. Ba4 Qc7 32. Rxc4 Qxc4 33. Qa3+ Rc5 34. Qxc5+ Qxc5 35. dxc5 Rh3 36. Ra1 Rc3 37. b6 Nc8 38. Bc6 Rxc5 39. Bxb7 1/2-1/2

[Event "Madrid2"]
[Site "Madrid"]
[Date "2006.03.11"]
[Round "5"]
[White "Lozano Freras, Sergio"]
[Black "Alonso Aranzabal, Inigo"]
[Result "0-1"]
[WhiteElo "1983"]
[BlackElo "2166"]
[PlyCount "58"]
[EventDate "2006.02.11"]
[EventType "tourn"]
[EventRounds "9"]
[EventCountry "ESP"]
[SourceTitle "EXT 2007"]
[Source "ChessBase"]
[SourceDate "2006.11.23"]
[SourceVersion "1"]
[SourceVersionDate "2006.11.23"]
[SourceQuality "1"]

1. e4 e5 2. Nf3 Nc6 3. Bc4 Nf6 4. Ng5 d5 5. exd5 Na5 6. Bb5+ c6 7. dxc6 bxc6 8. Be2 h6 9. Nf3 e4 10. Ne5 Bc5 11. c3 Qc7 12. d4 exd3 13. Nxd3 Bd6 14. h3 0-0 15. 0-0 c5 16. Nd2 Bf5 17. b4 cxb4 18. Nxb4 Nc6 19. Bb2 Nxb4 20. cxb4 Bxb4 21. Bxf6 gxf6 22. Nc4 Rfd8 23. Qb3 Bc5 24. Qf3 Bg6 25. Qxf6 Bd4 26. Qh4 Bxa1 27. Rxa1 Kh7 28. Ne3 Qe5 29. Rb1 Bxb1 0-1

[Event "Madrid2"]
[Site "Madrid"]
[Date "2006.02.25"]
[Round "3"]
[White "Navas Hernando, Oscar"]
[Black "Alonso Aranzabal, Inigo"]
[Result "0-1"]
[WhiteElo "1774"]
[BlackElo "2166"]
[PlyCount "112"]
[EventDate "2006.02.11"]
[EventType "tourn"]
[EventRounds "9"]
[EventCountry "ESP"]
[SourceTitle "EXT 2007"]
[Source "ChessBase"]
[SourceDate "2006.11.23"]
[SourceVersion "1"]
[SourceVersionDate "2006.11.23"]
[SourceQuality "1"]

1. d4 Nf6 2. c4 g6 3. Nc3 Bg7 4. e4 0-0 5. f3 d6 6. Be3 Nc6 7. Nge2 a6 8. Qd2 Rb8 9. h4 h5 10. Nc1 e5 11. d5 Nd4 12. N1e2 Nxe2 13. Bxe2 Bd7 14. Ba7 Ra8 15. Be3 Qb8 16. 0-0 Nh7 17. Bd3 Qd8 18. Qe1 Qe7 19. Qg3 Kh8 20. Rae1 Bf6 21. Bf2 Rg8 22. Qh2 Rg7 23. Kh1 Rag8 24. g3 g5 25. Rg1 Nf8 26. f4 gxf4 27. gxf4 Bg4 28. Be2 exf4 29. Bxg4 Rxg4 30. Rxg4 Rxg4 31. Rg1 Bxc3 32. Rxg4 hxg4 33. Qxf4 Bxb2 34. Qxg4 Qf6 35. Kg2 Qg6 36. Kf3 Qxg4+ 37. Kxg4 Kg7 38. c5 dxc5 39. Bxc5 Nd7 40. Be7 Kg6 41. h5+ Kh6 42. Bg5+ Kg7 43. Kf5 c5 44. dxc6 bxc6 45. Bf4 c5 46. e5 Bxe5 47. h6+ Kh7 48. Bxe5 Nxe5 49. Kxe5 Kxh6 50. Kd5 Kg5 51. Kxc5 f5 52. a4 f4 53. a5 f3 54. Kb6 f2 55. Kxa6 f1Q+ 56. Kb7 Qb5+ 0-1

[Event "Madrid op3"]
[Site "Madrid"]
[Date "2005.10.09"]
[Round "3"]
[White "Alonso Aranzabal, Inigo"]
[Black "Gomez Gonzalez, Javier"]
[Result "1-0"]
[WhiteElo "2161"]
[BlackElo "2137"]
[PlyCount "119"]
[EventDate "2005.10.07"]
[EventType "swiss"]
[EventRounds "9"]
[EventCountry "ESP"]
[SourceTitle "EXT 2006"]
[Source "ChessBase"]
[SourceDate "2005.11.24"]
[SourceVersion "1"]
[SourceVersionDate "2005.11.24"]
[SourceQuality "1"]

1. e4 c5 2. d4 cxd4 3. c3 d3 4. Bxd3 Nc6 5. c4 d6 6. Nc3 Nf6 7. Nge2 g6 8. 0-0 Bg7 9. Be3 Ng4 10. Bf4 0-0 11. b3 Bd7 12. Rc1 Qa5 13. Bb1 Qh5 14. Bg3 Nge5 15. Nd5 Rad8 16. f3 e6 17. Ndf4 Qg5 18. Kh1 Qe7 19. a3 a5 20. Qc2 Rc8 21. Rcd1 Rfd8 22. Bf2 Be8 23. Bb6 Rd7 24. Nc3 Bh6 25. Nd3 Nxd3 26. Qxd3 Qh4 27. g3 Qh5 28. f4 f5 29. exf5 gxf5 30. Nb5 Bf8 31. Qc3 d5 32. c5 d4 33. Qd3 Bf7 34. Rc1 Qh3 35. Rf2 Re8 36. Na7 e5 37. Qxf5 Qxf5 38. Bxf5 Rde7 39. fxe5 Rxe5 40. h4 Bh6 41. Rcf1 Bd5+ 42. Kh2 Be3 43. Nxc6 bxc6 44. Rb2 a4 45. Bc7 R5e7 46. Bd6 Rf7 47. bxa4 Bc4 48. Rf3 Bd5 49. Rf1 Be4 50. Bh3 d3 51. Rxf7 Kxf7 52. Bf4 Bd4 53. Rb7+ Re7 54. Rxe7+ Kxe7 55. Bd2 Bxc5 56. a5 Kd8 57. Bg2 Bxg2 58. Kxg2 Bxa3 59. Kf3 Kd7 60. Ke4 1-0

[Event "Madrid op3"]
[Site "Madrid"]
[Date "2005.10.07"]
[Round "1"]
[White "Alonso Aranzabal, Inigo"]
[Black "Marcos Herrero, Francisco"]
[Result "1-0"]
[WhiteElo "2161"]
[BlackElo "1969"]
[PlyCount "79"]
[EventDate "2005.10.07"]
[EventType "swiss"]
[EventRounds "9"]
[EventCountry "ESP"]
[SourceTitle "EXT 2006"]
[Source "ChessBase"]
[SourceDate "2005.11.24"]
[SourceVersion "1"]
[SourceVersionDate "2005.11.24"]
[SourceQuality "1"]

1. e4 d6 2. d4 Nf6 3. Nc3 g6 4. h4 c6 5. h5 Nxh5 6. Be3 Qa5 7. Qd2 Nd7 8. Be2 Ndf6 9. Nh3 b5 10. e5 b4 11. exf6 bxc3 12. bxc3 Nxf6 13. Bf3 Bd7 14. Qd3 Bg7 15. Ng5 Rb8 16. Bd2 d5 17. Be2 Bf5 18. Qg3 Qb6 19. f3 h6 20. Nh3 Kd7 21. Nf4 Qc7 22. Qf2 Bxc2 23. Bd3 Ba4 24. c4 g5 25. Ne2 e6 26. Nc3 dxc4 27. Bxc4 Bb5 28. Bxb5 cxb5 29. Rc1 Qb6 30. Ne4 Nd5 31. Nc5+ Ke7 32. Nb3 Rbc8 33. 0-0 Rc4 34. f4 gxf4 35. Bxf4 Bxd4 36. Nxd4 Qxd4 37. Qxd4 Rxd4 38. Be5 Rd2 39. Bxh8 Rxa2 40. Ra1 1-0